| 000 | 00864nam a2200217 a 4500 | ||
|---|---|---|---|
| 003 | 0 | ||
| 005 | 20250514111402.0 | ||
| 008 | 021108s19uu xx 00 eng d | ||
| 050 |
_aPGS GV 1469.34.C65 _b.L477 2002 |
||
| 100 | _aLee, Jeremiah Joshua T. | ||
| 245 |
_aThe preferences between playing computer games with cheats and playing computer games without cheats / _cJeremiah Joshua T. Lee. |
||
| 260 |
_aLas PiƱas City, Philippines : _bSouthville International School and Colleges, _c2002. |
||
| 300 |
_a28 pages : _billustrations ; _c28 cm. |
||
| 504 | _aIncludes bibliographical references. | ||
| 650 |
_aComputer games _vSocial aspects. |
||
| 650 |
_aComputer games _vPsychological aspects. |
||
| 650 |
_aComputer games _vMoral and ethical aspects. |
||
| 650 | _aCheating (Computer games). | ||
| 650 |
_aVideo gamers _vAttitudes. |
||
| 942 |
_2lcc _cPASS |
||
| 999 |
_c96633 _d96633 |
||